| 000 | 00670cab a2200241 4500 | ||
|---|---|---|---|
| 001 | E90169 | ||
| 008 | 090401t1998 xxu||||| |||| 00| 0 eng d | ||
| 035 | _a(Sirsi) u84619 | ||
| 041 | _aeng | ||
| 100 | _aBrymer, S. | ||
| 245 | _aInterposed leases | ||
| 260 | _c1998 | ||
| 350 | _a0 | ||
| 490 |
_aProperty Law _v(31) February 1998, 6-7(2) |
||
| 520 | _aOutlines the use of interposed leases, with case law. | ||
| 650 | _aCOMMERCIAL LEASES | ||
| 650 | _aINTERPOSED LEASES | ||
| 650 | _aLAND TENURE REFORM (SCOTLAND) ACT 1974 | ||
| 650 |
_aLANDLORD AND TENANT _96252 |
||
| 690 | _aLANDLORD AND TENANT-BUSINESS TENANCIES | ||
| 942 | _n0 | ||
| 948 | _c03/03/1998 | ||
| 999 |
_c53195 _d53195 |
||